000 00291nam a2200109Ia 4500
008 190216s9999||||xx |||||||||||||| ||und||
100 _aGovt Of India Plannig Comm
245 0 _aNational Service Scheme Nss Manuel 1987
260 _bGovernment Of India
650 _aReferences
942 _cREF
999 _c35947
_d35947